| 000 | 00430nam a2200145Ia 4500 | ||
|---|---|---|---|
| 008 | 220216s9999 xx 000 0 und d | ||
| 100 | _aWickremasinghe W N | ||
| 245 | 0 | _aOn the estimation of leaf areas of some selected Hevea clones | |
| 260 |
_bJournal of the Rubber Research Institute of Sri Lanka _c1984 |
||
| 300 | _a85-90 | ||
| 650 | _aHevea clones | ||
| 700 | _aAbayapala R A P | ||
| 700 | _aSamaranayake C | ||
| 942 | _cJS | ||
| 999 |
_c64363 _d64363 |
||